Sync how order emerges from chaos in the universe, nature, and daily life (Registro nro. 69087)

Detalles MARC
000 -ENCABEZADO
Número de control [NR] 00825nam a22002297a 4500
008 - DE LONGITUD FIJA DE DATOS DE ELEMENTOS - INFORMACIÓN GENERAL
Elementos de longitud fija [NR] 130821s2003 xxua gr eng
020 ## - NUMERO INTERNACIONAL NORMALIZADO PARA LIBROS [R]
Número Internacional Normalizado del libro [NR] 786868449
040 ## - FUENTE DE CATALOGACION [NR]
Agencia de catalogación original [NR] Co-BoUCM
Idioma de catalogación [NR] spa
041 00 - CODIGO DE IDIOMA [R]
Código de idioma para texto/pista de sonido o título separado [R] Inglés
100 1# - ASIENTO PRINCIPAL--NOMBRE PERSONAL [NR]
Nombre personal [NR] Strogatz, Steven H.
Forma más completa del nombre [NR] (Steven Henry)
245 10 - MENCION DE TITULO [NR]
Título [NR] Sync how order emerges from chaos in the universe, nature, and daily life
Mención de responsabilidad, etc. [NR] Steven Strogatz
260 ## - PUBLICACION, DISTRIBUCION, ETC. (PIE DE IMPRENTA) [R]
Lugar de publicación, distribución, etc. [R] Nueva York (Estados Unidos)
Nombre del editor, distribuidor, etc. [R] Hyperion
Fecha de publicación, distribución, etc. [R] c2003
300 ## - DESCRIPCION FISICA [R]
Extensión [R] viii, 338 páginas
Otros detalles físicos [NR] gráficas
504 ## - NOTA DE BIBLIOGRAFIA, ETC. [R]
Nota de bibliografía, etc. [NR]
650 04 - ASIENTO SECUNDARIO DE MATERIA - TERMINO TEMATICO [R]
Término temático o nombre geográfico como elemento de entrada [NR] Información
9 (RLIN) 17580
650 04 - ASIENTO SECUNDARIO DE MATERIA - TERMINO TEMATICO [R]
Término temático o nombre geográfico como elemento de entrada [NR] Informática
9 (RLIN) 17593
650 04 - ASIENTO SECUNDARIO DE MATERIA - TERMINO TEMATICO [R]
Término temático o nombre geográfico como elemento de entrada [NR] Ingeniería de sistemas
9 (RLIN) 17623
650 04 - ASIENTO SECUNDARIO DE MATERIA - TERMINO TEMATICO [R]
Término temático o nombre geográfico como elemento de entrada [NR] Sistemas biológicos
9 (RLIN) 24606
650 04 - ASIENTO SECUNDARIO DE MATERIA - TERMINO TEMATICO [R]
Término temático o nombre geográfico como elemento de entrada [NR] Sistemas de autoorganizacion
9 (RLIN) 24608
942 ## - ELEMENTOS DE ENTRADA AGREGADOS (KOHA)
Tipo de ítem principal el descrito en 300a Libro
Tema principal Generalidades
Edición 1
Parte restante de la signatura top. S921s
Sistema de clasificación DEWEY
Clasificación 003.7
Existencias
Fecha de último préstamo Total préstamos Signatura topográfica Código de barras Última vez visto Ejemplar Price effective from Tipo de ítem Perdido Sistema de clasificación Dañado No prestable Tipo de ítem específico Suprimido Ubicación habitual Ubicación actual Localización Fecha de creación Forma de adquisición Costo
14/05/2013 2 003.7 S921s 100110063 03/12/2025 Ej.1 03/02/2013 Libro de reserva   DEWEY     Libro de reserva   Claustro Claustro 4to piso 30/09/2010 Compra 20700.00